000 01030nam a22002057a 4500
999 _c58650
_d58650
003 Ge_BSU
005 20220621142144.0
008 220621s2021 ge ||||| |||| 00| 0 geo d
020 _a9789941307232
041 _ageo
080 _a327(4)(09) შ-24
100 _aშარაშენიძე, თორნიკე
_914180
245 _aდიპლომატიის ისტორია, 1920-1939 /
_cთორნიკე შარაშენიძე ; რედაქტორი ნინო გოგალაძე ; დიზაინერი ია მახათაძე.
264 _aთბილისი :
_bბაკურ სულაკაურის გამ-ბა,
_c2021.
300 _a292 გვ.;
_bსურ. ;
_c22 სმ.
653 _aდიპლომატიის ისტორია
700 _aგოგალაძე, ნინო
_eრედაქტორი
_912334
700 _aმახათაზე, ია
_eდიზაინერი
_914194
942 _2udc
_cBK